Loading...
| History - Other | 0 | 8 | 1 | 1 | 75 | 34 | 95.50 | 2 | 3 | 0.00 | 0.00 |
| History - American | 0 | 8 | 3 | 1 | 65 | 87 | 111.38 | 0 | 2 | 0.00 | 0.00 |
| Geography | 0 | 6 | 1 | 3 | 55 | 86 | 123.00 | 0 | 0 | 0.00 | 0.00 |
| Fine Arts - Painting & Sculpture | 0 | 6 | 1 | 0 | 55 | 93 | 116.33 | 0 | 1 | 0.00 | 0.00 |
| History - World | 0 | 5 | 2 | 2 | 40 | 112 | 136.60 | 0 | 1 | 0.00 | 0.00 |
| Fine Arts - Other | 0 | 5 | 2 | 0 | 40 | 76 | 92.80 | 0 | 2 | 0.00 | 0.00 |
| Fine Arts - Classical Music | 0 | 3 | 1 | 1 | 25 | 62 | 92.33 | 0 | 1 | 0.00 | 0.00 |
| Literature - American | 0 | 2 | 0 | 1 | 20 | 108 | 132.00 | 0 | 0 | 0.00 | 0.00 |
| History - European | 0 | 3 | 3 | 1 | 15 | 110 | 133.33 | 0 | 0 | 0.00 | 0.00 |
| Philosophy | 0 | 1 | 0 | 0 | 10 | 142 | 142.00 | 0 | 0 | 0.00 | 0.00 |
| Literature - World | 0 | 1 | 0 | 0 | 10 | 138 | 138.00 | 0 | 0 | 0.00 | 0.00 |
| Mythology | 0 | 1 | 0 | 0 | 10 | 120 | 120.00 | 0 | 0 | 0.00 | 0.00 |
| Other Academic | 0 | 1 | 0 | 0 | 10 | 143 | 143.00 | 0 | 0 | 0.00 | 0.00 |
| Religion | 0 | 1 | 0 | 0 | 10 | 132 | 132.00 | 0 | 0 | 0.00 | 0.00 |
| Social Science | 0 | 0 | 0 | 0 | 0 | 0.00 | 0 | 0 | 0.00 | 0.00 | |
| Science - Chemistry | 0 | 0 | 0 | 0 | 0 | 0.00 | 0 | 0 | 0.00 | 0.00 | |
| Current Events | 0 | 0 | 1 | 0 | -5 | 0.00 | 0 | 0 | 0.00 | 0.00 | |
| Science - Biology | 0 | 0 | 1 | 0 | -5 | 0.00 | 0 | 0 | 0.00 | 0.00 |